1158 1430 1988 1427 1854 1423 1309 1138 1018 1674 1747 1960 1570 1945 1974 1479 1494 1427 1124 1419 1422 1318 1339 1675 1362 1832 1185 1397 1536 1325 1883 1641 1714 1858 1923 1816 1119 1074 1591 1817 1098 1061 1439 1039 1802 1484 1169 1059 1193 1722 1195 1460 1673 1773 1284 1216 1237 1666 1737 1652 1069 1221 1261 1123 1199 1571 1383 1709 1565 1319 1070 1231 1813 1985 1602 1088 1772 1912 1591 1488 1880 1184 1089 1318 1374 1503 1172 1752 1631 1535 1371 1905 1933 1177 1851 1313 1724 1992 1390 BCNSPRNW ULIB Ver.6.0+V

เปลี่ยนเป็นภาษาไทย

Change to English
 แสดงรายละเอียดบรรณานุกรม
  กลับหน้าหลัก

Brief Record : Get Marc (ISO 2709) : E-mail record : QR code < ปิดหน้าต่าง
LEADER : 00000nam 2200000uu 4500
001    13399126089
003     ULIB
008    020711s2017 th a 000 0 eng d
020    ^a9780702062117
060    ^aWQ165^bM114M
100    ^aSue Macdonald
245    ^aMayes Midwifery/^cSue Macdonald,Gail Johnson
250    ^a15th ed
260    ^aNew York :^bElsevier,^c2017
300    ^a1204 pages
650    ^aMidwifery
700    ^aGail Johnson
945    ^p0^l0^i004118
999    ^aประนอม เกษจรัล
รายการนี้ยังไม่มีแท็ก
คุณยังไม่ได้ล็อกอิน คุณสามารถมีกิจกรรมร่วมกับเว็บไซต์ได้ แต่ต้องล็อกอินก่อน ::
  ล็อกอิน

รายการสื่อสารสนเทศ

ลำดับที่ ประเภท เลขเรียก/บาร์โค้ด สถานที่ สถานะ
1. วิทยาศาสตร์การแพทย์ และสุขภาพ
วิทยาศาสตร์การแพทย์ และสุขภาพ
WQ165 M114M ฉ.1 
  Barcode: 004118
ห้องสมุดวิทยาเขตสวรรค์ประชารักษ์
►หนังสือทั่วไป
บนชั้น

รายการใกล้เคียง
    ผู้แต่ง [Sue Macdonald]

    หัวเรื่อง [Midwifery]

BibComment


ยังไม่เคยถูกคอมเมนท์

คอมเมนท์ทรัพยากรรายการนี้
  คอมเมนท์: Mayes Midwifery ..


 Copyright 2026. Bcnsprnw @Library